000
00389nam a22001697a 4500
003
MPLRDC
005
20220104114730.0
008
210129b ||||| |||| 00| 0 eng d
082
_a
226.6 LMY c.2
100
_a
林明裕
245
_a
禅机
_c
250
_a
初版
260
_a
_b
联亚出版社
_c
1979
300
_b
平
650
_a
佛教宗派--禅宗
942
_c
BK
_o
226.6 LMY c.2
999
_c
9785
_d
9775